000 00799nam a2200253Ia 4500
003 OSt
005 20220923222749.0
006 a|||||r|||| 00| 0
007 ta
008 220922b |||||||| |||| 00| 0 hin d
024 _a207,534
037 _cTextual
040 _aARTS
_cARTS
_bhin
041 _2hin
_ahin
082 _aO152,3NMA4,TA, M3
100 _aमाहेश्वरी, शंकर
_9156263
245 0 _aठंडा आदमी
246 _aṬhanḍā ādamī
260 _aकलकत्ता
_b समिधा प्रका0
_c1983
300 _a117पृ.
_ccm.
650 _aहिन्दी साहित्य
_9156264
942 _hO152,3NMA4,TA, M3
_cTEXL
_2CC
999 _c358151
_d358151